Smith, Hogan, and Ormerod`s Criminal Law
שמור ב:
| Main Authors: | , |
|---|---|
| פורמט: | ספר |
| שפה: | אנגלית |
| יצא לאור: |
Nueva York
Oxford University Press
2015
|
| מהדורה: | 15a. ed |
| נושאים: | |
| תגים: |
הוספת תג
אין תגיות, היה/י הראשונ/ה לתייג את הרשומה!
|
MARC
| LEADER | 00000cam a2200000 a 4500 | ||
|---|---|---|---|
| 001 | UCC6817 | ||
| 003 | CL-VaPUC | ||
| 008 | 190111e20150000us |||||||||||||||||eng|d | ||
| 020 | |a 9780198807094 | ||
| 082 | 0 | 4 | |a 345 |b ORM |2 21 |
| 100 | 0 | |a Ormerod, David |e author |9 601333 | |
| 700 | 0 | |a Laird, Karl |e author |9 601334 | |
| 245 | 1 | 0 | |a Smith, Hogan, and Ormerod`s Criminal Law |
| 250 | |a 15a. ed | ||
| 300 | |a 1143 p | ||
| 942 | |c BK | ||
| 945 | |d 20190111 14:04:00 |a dcastane | ||
| 260 | |a Nueva York |b Oxford University Press |c 2015 | ||
| 650 | 7 | |a DERECHO PENAL |2 CL-VaPUC |9 11 | |
| 650 | 0 | |a Criminología |9 256168 | |
| 650 | 0 | |a Delitos |9 224143 | |
| 583 | |a last modification |c 20190111 14:04:00 |k Rodrigo Vera | ||
| 999 | |c 373667 |d 373665 | ||
| 952 | |0 0 |1 0 |3 erb |4 0 |6 345_000000000000000_ORM_2015 |7 0 |8 A |9 491863 |a BIBDER |b BIBDER |i 5528534 |l 1 |o 345 ORM 2015 |p 5528534 |r 2024-04-29 |s 2024-04-29 |w 2019-11-24 |y BK |z Catalogado en:20190111 |k DER | ||